Super Identity : super id is the collection concepts in action

Enregistré dans:
Détails bibliographiques
Format: Livre
Langue:anglais
Publié: AllRightsReserved, 2009
Tags: Ajouter un tag
Pas de tags, Soyez le premier à ajouter un tag!

MARC

LEADER 00000nam a22000003a 4500
001 stu211051
005 20141122014333.7
008 100920s2009------------------------eng-d
020 |a 978-988-99001-4-4 
040 |a STU  |b slo 
041 0 |a eng 
245 |a Super Identity :  |b super id is the collection concepts in action 
260 |b AllRightsReserved,  |c 2009 
300 |a 302 s 
996 |b 284AU04527  |c A*7056 U  |l AAKNST  |s P  |a 0  |w stu211051_0001